| 000 | 00753nam a2200265 a 4500 | ||
|---|---|---|---|
| 003 | AR-BaBNM | ||
| 005 | 20251128203438.0 | ||
| 008 | 082120s2002 ||||||||||||||000 | spa|| | ||
| 040 | _cAR-BaBNM | ||
| 100 | 1 | _aMaturo, Graciela | |
| 245 | 0 | 0 |
_aFenomenología, creación y crítica _bsujeto y mundo en la novela latinoamericana |
| 260 |
_aBuenos Aires _bFernando García Cambeiro _c1989 |
||
| 300 | _a145 p. | ||
| 490 | 0 |
_aEstudios latinoamericanos _vv. 35 |
|
| 650 | 4 | _aLITERATURA LATINOAMERICANA | |
| 650 | 4 | _aCRITICA LITERARIA | |
| 650 | 4 | _aLITERATURA CONTEMPORANEA | |
| 650 | 4 | _aNOVELAS | |
| 650 | 4 | _aESCRITORES | |
| 653 | _aNARRATIVA | ||
| 655 | _aLITERATURA | ||
| 800 | 1 |
_aMaturo, Graciela _edirector |
|
| 942 | _cBK | ||
| 998 | _cMARTIN | ||
| 999 |
_c3420 _d3420 |
||